| 000 | 00553nam a2200193 i 4500 | ||
|---|---|---|---|
| 001 | 80266 | ||
| 003 | ES-MaACL | ||
| 005 | 20250818131141.0 | ||
| 007 | t| | ||
| 008 | 041027s1971 sp ||||1| spa d | ||
| 245 | 0 | 0 |
_aHistoria de la Gestapo / _cpresentada por Bernard Michal. |
| 260 |
_a[Barcelona] : _bCírculo de Amigos de la Historia, _c[1971] |
||
| 300 |
_a3 v. : _b36 lám. ; _c18 cm. |
||
| 610 | 2 | 4 |
_aGestapo. _9170972 |
| 700 | 1 |
_aMichal, Bernard. _980865 |
|
| 700 | 2 |
_a _9241872 |
|
| 852 |
_aES-MaACL _jC-45890-92 |
||
| 999 |
_c80266 _d80266 |
||